Elementos de economía política pura (o teoría de la riqueza social) (Registro nro. 5069)

Detalles MARC
000 -LEADER
fixed length control field 01299 a2200241 4500
001 - CONTROL NUMBER
control field 53082
005 - DATE AND TIME OF LATEST TRANSACTION
control field 20260407155804.0
008 - FIXED-LENGTH DATA ELEMENTS--GENERAL INFORMATION
fixed length control field 260407a1987 arg spa d
003 - CONTROL NUMBER IDENTIFIER
control field AR-UNSa-BCEJYS
040 ## - CATALOGING SOURCE
Original cataloging agency AR-UNSa-BCEJYS
Language of cataloging spa
Transcribing agency AR-UNSa-BCEJYS
080 ## - UNIVERSAL DECIMAL CLASSIFICATION NUMBER
Universal Decimal Classification number 330.101
Common auxiliary subdivision Ciencia económica en general. La economía y sus problemas. Objeto y métodos de la economía política
020 ## - INTERNATIONAL STANDARD BOOK NUMBER
International Standard Book Number 84-206-2516-7
041 ## - LANGUAGE CODE
Language code of text/sound track or separate title spa
100 1# - MAIN ENTRY--PERSONAL NAME
Personal name Walras, Léon
245 10 - TITLE STATEMENT
Title Elementos de economía política pura (o teoría de la riqueza social)
264 #1 - PRODUCTION, PUBLICATION, DISTRIBUTION, MANUFACTURE, AND COPYRIGHT NOTICE
Place of production, publication, distribution, manufacture Madrid :
Name of producer, publisher, distributor, manufacturer Alianza Editorial
Date of production, publication, distribution, manufacture, or copyright notice 1987
300 ## - PHYSICAL DESCRIPTION
Extent 818 p.
Dimensions 20 cm.
505 ## - FORMATTED CONTENTS NOTE
Formatted contents note 1. Objeto y divisiones de la economía política y social - 2. Teoría del intercambio de las mercancías - 3. Teoría del intercambio de varias mercancías - 4. Teoría de la producción - 5. Teoría de la formación del capital y del crédito - 6. Teoría de la circulación del dinero - 7. Condiciones y consecuencias del progreso económico.Crítica de los sistemas de economía política pura - 8. De los precios intervenidos,del monopolio y de los impuestos
590 ## - LOCAL NOTE (RLIN)
Local note niveau_biblio:m niveau_hierar:0
700 1# - ADDED ENTRY--PERSONAL NAME
Personal name Segura, Julio
856 41 - ELECTRONIC LOCATION AND ACCESS
Uniform Resource Identifier <a href="https://www.biblioeco.unsa.edu.ar/pmb/images/libros/L128437.jpg">https://www.biblioeco.unsa.edu.ar/pmb/images/libros/L128437.jpg</a>
Link text Imagen de portada
Electronic format type image/jpeg
942 ## - ADDED ENTRY ELEMENTS (KOHA)
Koha item type
Existencias
Withdrawn status Lost status Damaged status Not for loan Home library Current library Shelving location Date acquired Total checkouts Full call number Barcode Date last seen Price effective from Koha item type
        Biblioteca Prof. Eusebio Cleto del Rey Biblioteca Prof. Eusebio Cleto del Rey   07/04/2026   330.101 W221 L128437 07/04/2026 07/04/2026 Libro